000 00950cam a2200229 4500
001 WS108066
008 000000n 000 0 eng u
035 _a(Sirsi) u108066
110 _aBuilding Owners and Managers Association
_93928
245 _aBuilding Owners and Managers Association
520 _aThe site offers the usual guide to the organisations services but also includes an index to articles in their journal, press releases and details of their research and office building performance data.
650 _aUSA
650 _aBUILT ENVIRONMENT-QUANTITY SURVEYING-STANDARD METHOD OF MEASUREMENT
650 _aPROPERTY-COMMERCIAL PROPERTY
650 _aOFFICES
650 _aFACILITIES MANAGEMENT
_96240
650 _aProperty management
_96262
650 _aORGANISATION
690 _aPROPERTY MANAGEMENT-CORPORATE REAL ESTATE
856 4 0 _uhttps://www.boma.org
_zView the website free of charge at www.boma.org...
942 _n0
999 _c119605
_d119605